000 01393nam0a22002651 4500
001 rc\907161
005 20250622040110.0
035 _a(NLR Aleph) 006082162
090 _a5097550
_c5097550
100 _a20041129d1983 |||y0rusy50 ca
101 0 _arus
102 _aRU
105 _aa |||||||||
200 1 _aТезисы докладов совещания "Физико-химия и технология повышения нефтеотдачи с помощью мицеллярных растворов ПАВ и CO2"
210 _aМ.
_cИзд-во Моск. ун-та
_d1983
215 _a110 с.
_cил.
_d20
300 _aВ надзаг.: Науч. совет по пробл. нефти и газа. Гос. ком. СССР по науке и технике, М-во нефт. пром-сти СССР, М-во высш. и сред. спец. образования СССР, АН СССР, Отд-ние общ. и техн. химии и др.
320 _aБиблиогр. в конце работ
333 _aДСП. Экз. № 7
710 1 2 _a"Физико-химия и технология повышения нефтеотдачи с помощью мицеллярных растворов ПАВ и СО2", совещ.
_f1983
_eМосква
801 0 _aRU
_bNLR
_gpsbo
801 1 _aRU
_bELAR
_2rusmarc
852 _aNLR
_j83-50К/335
942 _cBOOK
980 _aNB